Football Players Born in the 1980's - Sudden Death - Statistics

General Stats
  • This quiz has been taken 59 times
  • The average score is 8 of 10
Answers on the Grid
Answers color-coded by a green-red scale on the quiz's grid according to % correct below.
Zlatan Ibrahimović
Wayne Rooney
Virgil Van Dijk
Son Heung-Min
Robert Lewandowski
Luka Modric
Luis Suarez
Kevin de Bruyne
Kaka
Jordan Pickford
Jamie Vardy
Cristiano Ronaldo
Casemiro
Antoine Griezmann
Andrés Iniesta
Thomas Muller
 
Answer Stats
Answer % Correct
Zlatan Ibrahimović
93%
Wayne Rooney
91%
Luka Modric
84%
Cristiano Ronaldo
81%
Andrés Iniesta
77%
Kaka
74%
Thomas Muller
72%
Luis Suarez
67%
Robert Lewandowski
67%
Jamie Vardy
56%
No matching quizzes found
Score Distribution
Percent of People with Each Score
Percentile by Number Answered
Your Score History
You have not taken this quiz